000 01124cam a2200313 a 4500
001 16042541
005 20170105102350.0
008 100106s2010 enka b 001 0 eng
010 _a 2009052109
020 _a9780470713921 (cloth)
040 _aDLC
_cDLC
_dDLC
050 0 0 _aTK7871.67.A33
_bL58 2010
082 0 0 _a621.3822
_222
100 1 _aLiu, Wei,
_d1974-
245 1 0 _aWideband beamforming : concepts and techniques
_bconcepts and techniques
_cWei Liu, Stephan Weiss.
260 _aChichester, West Sussex, U.K. :
_bWiley,
_c2010.
300 _axv, 286 p. :
_bill. ;
_c26 cm.
504 _aIncludes bibliographical references (p. 267-281) and index.
650 0 _aBeamforming.
650 0 _aAntenna radiation patterns.
650 0 _aAdaptive antennas.
650 0 _aAdaptive signal processing.
650 0 _aAdaptive filters.
650 0 _aBroadband communication systems.
700 1 _aWeiss, Stephan,
_d1968-
906 _a7
_bcbc
_corignew
_d1
_eecip
_f20
_gy-gencatlg
942 _2ddc
_cBK
999 _c11897
_d11897